000 01824cam a22004814i 4500
003 PE-LiUPU
005 20251015094307.0
008 150625s r 000 0 d
035 _a(Sirsi) a36818
040 _aPE-LiUPU
_bspa
_cPE-LiUPU
_erda
082 0 4 _a270.6
_bL35
_221
100 1 _aLecler, Joseph,
_eautor.
245 1 0 _aHistoria de la tolerancia en el siglo de la reforma.
_n2 /
_cJoseph Lecler, Versión española por Antonio Molina Meliá.
264 1 _aAlcoy :
_bMarfil,
_c1969.
300 _a2 v. ;
_c21 cm.
336 _atext
_2rdacontent
337 _aunmediated
_2rdamedia
338 _avolume
_2rdacarrier
526 _aSEG42
526 _aSEG41
526 _aSEG40
526 _aSEG39
526 _aP94
526 _aP87
526 _aP86
526 _aP85
526 _aP77
526 _aP76
526 _aP35
650 0 4 _aTolerancia religiosa.
650 0 4 _aLibertad religiosa
_zEuropa.
650 0 0 _aReforma
_91623
700 1 _aMolina Meliá, Antonio,
_etraductor.
910 _a
942 _2ddc
_cBOOK
949 _a270.6 L35 2
_wDEWEY
_c1
_i38658
_lCCODEBUL1
_mBUL
_p00.00
_r0
_sY
_tBOOK
_u2015-06-25
_xBIBLIOTECA
_PP35
_0COMPRA
_o.STAFF. Colección General
949 _a270.6 L35 2
_wDEWEY
_c2
_i13431
_lCCODEBUL1
_mBUL
_p00.00
_r0
_sY
_tBOOK
_u2015-06-25
_xTEOLOGIA
_zUNKNOWN
_0COMPRA
_o.STAFF. Colección General
596 _a1
999 _a270.6 L35 2
_wDEWEY
_c44932
_i38658
_d44932
_f2021-11-11
_g5
_lCCODEBUL1
_mBUL
_q1
_r0
_sY
_tBOOK
_u2015-6-25
_xTEOLOGIA
_PP35
_0COMPRA
_o.STAFF. Colección General
999 _a270.6 L35 2
_wDEWEY
_c2
_i13431
_d2018-10-11
_f2021-11-11
_g5
_lCCODEBUL1
_mBUL
_q2
_r0
_sY
_tBOOK
_u2015-6-25
_xTEOLOGIA
_zUNKNOWN
_0COMPRA
_o.STAFF. Colección General
980 _818226
_gJaime Vilcazán Jefe de Análisis Documental